[Event "BL 1516 Schachfr. Berlin - SK Norderste"]
[Site "?"]
[Date "2016.04.23"]
[Round "14.8"]
[White "Baldauf, Marco"]
[Black "Bohnsack, Ralf"]
[Result "1-0"]
[WhiteElo "2413"]
[BlackElo "2163"]
[PlyCount "143"]
[EventDate "2016.??.??"]

1. Nf3 Nf6 2. c4 c5 3. Nc3 g6 4. d4 cxd4 5. Nxd4 Bg7 6. e4 d6 7. Be2 O-O 8. O-O
Nc6 9. Be3 Bd7 10. Qd2 Nxd4 11. Bxd4 Bc6 12. f3 a5 13. b3 Nd7 14. Be3 Nc5 15.
Rab1 Qb6 16. Rfc1 Rfc8 17. Rc2 Qd8 18. Bf1 Qf8 19. Kh1 h5 20. Nd5 Bxd5 21. exd5
Kh7 22. a3 Bh6 23. b4 axb4 24. axb4 Nd7 25. f4 b6 26. g3 Rcb8 27. Re1 Bg7 28.
Bd4 Bxd4 29. Qxd4 Ra7 30. Bd3 Qd8 31. Rce2 Nf6 32. Qb2 Rbb7 33. Qc1 Rc7 34. f5
Qh8 35. fxg6+ fxg6 36. Re6 Qg7 37. Qb2 Rcb7 38. R1e2 Ra8 39. Kg2 Raa7 40. Qc1
Rc7 41. Qe1 Kh8 42. Qf2 Rab7 43. h3 Kh7 44. Qd4 Qh6 45. Rf2 Qg5 46. Rf4 Ra7 47.
h4 Ra2+ 48. Be2 Qh6 49. Qxb6 Rca7 50. Kh3 Qg7 51. Qd4 Ra1 52. Rf1 R1a3 53. Bd3
Ra2 54. Be2 R2a3 55. Kg2 Ra2 56. Rf2 R7a3 57. c5 dxc5 58. Qxc5 Ng8 59. b5 Rc3
60. Qb4 Raa3 61. Bf3 Rab3 62. Qa4 Qf7 63. Qe4 Kh6 64. Bxh5 Rxg3+ 65. Kf1 Qg7
66. Bd1 Rbd3 67. Qf4+ Kh7 68. Bc2 Ra3 69. h5 Nf6 70. hxg6+ Kh8 71. Qh4+ Kg8 72.
Rfxf6 1-0

[Event "BL 1516 SV Hockenheim - SG Turm Trier"]
[Site "?"]
[Date "2016.04.24"]
[Round "15.1"]
[White "Erdos, Viktor"]
[Black "Wagner, Dennis"]
[Result "1/2-1/2"]
[WhiteElo "2577"]
[BlackElo "2574"]
[PlyCount "66"]
[EventDate "2016.??.??"]

1. d4 Nf6 2. c4 g6 3. Nc3 d5 4. cxd5 Nxd5 5. e4 Nxc3 6. bxc3 Bg7 7. Qa4+ Nd7 8.
Nf3 O-O 9. Be2 c5 10. O-O cxd4 11. cxd4 Nc5 12. dxc5 Bxa1 13. e5 Qc7 14. Qf4
Bc3 15. Qe3 Qa5 16. Qh6 f6 17. exf6 Bxf6 18. Ng5 Bxg5 19. Bc4+ e6 20. Qxg5 Qc3
21. Qh4 Bd7 22. Qe4 Rae8 23. Qe2 Qb4 24. c6 bxc6 25. Bb2 Rf5 26. Ba1 a5 27. Bb3
Rd5 28. Qb2 e5 29. a3 Qe4 30. Qc3 a4 31. Ba2 Qf4 32. Re1 Rf8 33. f3 Re8 1/2-1/2

[Event "BL 1516 SV Hockenheim - SG Turm Trier"]
[Site "?"]
[Date "2016.04.24"]
[Round "15.2"]
[White "Saric, Ivan"]
[Black "Lupulescu, Constantin"]
[Result "1/2-1/2"]
[WhiteElo "2654"]
[BlackElo "2624"]
[PlyCount "99"]
[EventDate "2016.??.??"]

1. e4 e6 2. d4 d5 3. Nc3 Nf6 4. e5 Nfd7 5. f4 c5 6. Nf3 Nc6 7. Be3 cxd4 8. Nxd4
Qb6 9. Qd2 Qxb2 10. Rb1 Qa3 11. Bb5 Nxd4 12. Bxd4 a6 13. Bxd7+ Bxd7 14. Rb3 Qe7
15. Rxb7 Qh4+ 16. Qf2 Qxf2+ 17. Kxf2 Rc8 18. Ke3 Bc5 19. Bxc5 Rxc5 20. Rb8+ Bc8
21. Kd2 O-O 22. Rhb1 Bd7 23. R1b7 Re8 24. Rxe8+ Bxe8 25. Ra7 Ra5 26. Kd3 f6 27.
Ra8 Kf7 28. Kd4 fxe5+ 29. fxe5 Ke7 30. Ra7+ Kf8 31. Rb7 Bg6 32. Rb8+ Ke7 33.
Rb7+ Kf8 34. Rb2 Ra3 35. Rb3 Ra5 36. Rb2 Ra3 37. Ne2 Bh5 38. Rb8+ Ke7 39. Rb7+
Kf8 40. Nc3 Bg6 41. Rb2 Bf5 42. h3 h5 43. h4 g5 44. g3 gxh4 45. gxh4 Kf7 46.
Rb3 Ra5 47. Rb2 Ra3 48. Rb7+ Kf8 49. Rb8+ Kf7 50. Rb7+ 1/2-1/2

[Event "BL 1516 SV Hockenheim - SG Turm Trier"]
[Site "?"]
[Date "2016.04.24"]
[Round "15.4"]
[White "Buhmann, Rainer"]
[Black "Haslinger, Stewart G"]
[Result "1/2-1/2"]
[WhiteElo "2645"]
[BlackElo "2516"]
[PlyCount "54"]
[EventDate "2016.??.??"]

1. d4 d5 2. c4 c6 3. Nf3 Nf6 4. e3 g6 5. Nc3 Bg7 6. Be2 O-O 7. O-O a6 8. a4 a5
9. cxd5 Nxd5 10. e4 Nb4 11. h3 Nd7 12. Bf4 Nb6 13. Re1 Be6 14. Rc1 Rc8 15. Bf1
Re8 16. b3 f6 17. Re2 g5 18. Be3 g4 19. hxg4 Bxg4 20. Rd2 f5 21. Be2 Rf8 22.
Ng5 Qd7 23. e5 Bxe2 24. Nxe2 N6d5 25. Nf4 Nxf4 26. Bxf4 Nd5 27. Qh5 h6 1/2-1/2

[Event "BL 1516 SV Hockenheim - SG Turm Trier"]
[Site "?"]
[Date "2016.04.24"]
[Round "15.5"]
[White "Gonda, Laszlo"]
[Black "Baramidze, David"]
[Result "1/2-1/2"]
[WhiteElo "2521"]
[BlackElo "2589"]
[PlyCount "90"]
[EventDate "2016.??.??"]

1. d4 Nf6 2. c4 g6 3. f3 d5 4. cxd5 Nxd5 5. e4 Nb6 6. Nc3 Bg7 7. Be3 O-O 8. Qd2
Nc6 9. O-O-O Qd6 10. Kb1 Rd8 11. Nb5 Qd7 12. d5 a6 13. Nc3 Ne5 14. Bd4 Nec4 15.
Qc1 Bxd4 16. Rxd4 Nd6 17. h4 e5 18. Rd2 c6 19. h5 cxd5 20. Rxd5 Qe7 21. Qe3
Ndc4 22. Bxc4 Nxc4 23. Qd3 Nd6 24. hxg6 fxg6 25. Qe2 Be6 26. Rd1 Nb5 27. Nd5
Bxd5 28. exd5 Rac8 29. Nh3 Qb4 30. Ka1 Nd4 31. Qxe5 Nc2+ 32. Kb1 Na3+ 33. Ka1
Nc2+ 34. Kb1 Re8 35. Qf4 Na3+ 36. Ka1 Nc2+ 37. Kb1 Na3+ 38. Ka1 Rc4 39. Qd2
Nc2+ 40. Kb1 Na3+ 41. Ka1 Nc2+ 42. Kb1 Qb6 43. d6 Na3+ 44. Ka1 Nc2+ 45. Kb1
Na3+ 1/2-1/2

[Event "BL 1516 SV Hockenheim - SG Turm Trier"]
[Site "?"]
[Date "2016.04.24"]
[Round "15.6"]
[White "Banusz, Tamas"]
[Black "Seger, Ruediger"]
[Result "1/2-1/2"]
[WhiteElo "2619"]
[BlackElo "2364"]
[PlyCount "111"]
[EventDate "2016.??.??"]

1. c4 Nf6 2. Nc3 d5 3. cxd5 Nxd5 4. g3 g6 5. Bg2 Nxc3 6. bxc3 Bg7 7. Nf3 O-O 8.
O-O c5 9. Rb1 Nc6 10. Qa4 Qc7 11. d4 Bd7 12. Bf4 Qc8 13. Qa3 b6 14. dxc5 Re8
15. Nd2 Bh3 16. Be3 Bxg2 17. Kxg2 Ne5 18. h3 Nd7 19. c4 Qc6+ 20. Kh2 e6 21. f3
Nxc5 22. Bxc5 bxc5 23. Rfd1 Bf8 24. Ne4 Be7 25. Qc3 Qc7 26. Kg2 Red8 27. Nf2 f5
28. Qe3 Kf7 29. Nd3 Bd6 30. f4 Rab8 31. Qf3 Rb6 32. Rb3 Rdb8 33. Rdb1 Qb7 34.
Qxb7+ R8xb7 35. Kf3 Ke7 36. Ke3 Kd7 37. Kd2 Kc6 38. Kc3 Rg7 39. g4 g5 40. gxf5
gxf4 41. fxe6 Re7 42. Rf1 Rxe6 43. Nxf4 Bxf4 44. Rxf4 Re3+ 45. Kd2 Rbxb3 46.
axb3 Rxh3 47. Rf6+ Kc7 48. e3 h5 49. Kd3 Rh4 50. Rh6 Kb7 51. e4 Rh3+ 52. Kc2 h4
53. Kb2 Rh1 54. e5 h3 55. e6 Re1 56. Rxh3 1/2-1/2

[Event "BL 1516 SV Hockenheim - SG Turm Trier"]
[Site "?"]
[Date "2016.04.24"]
[Round "15.7"]
[White "Kolbus, Dietmar"]
[Black "Braun, Arik"]
[Result "0-1"]
[WhiteElo "2305"]
[BlackElo "2571"]
[PlyCount "130"]
[EventDate "2016.??.??"]

1. c4 c6 2. d4 d5 3. cxd5 cxd5 4. Nf3 Nc6 5. Nc3 Nf6 6. Bf4 Nh5 7. Bc1 a6 8. a3
e6 9. e4 dxe4 10. Nxe4 Be7 11. Be2 Nf6 12. Qd3 b6 13. O-O Bb7 14. Nc3 O-O 15.
Bf4 Nd5 16. Bg3 Rc8 17. Rac1 g6 18. Nb1 Bd6 19. Ne5 Nxe5 20. dxe5 Rxc1 21. Rxc1
Bxe5 22. Qd2 Bf6 23. Rd1 b5 24. Bf3 Qb6 25. Qe2 Rc8 26. h3 Rc4 27. b3 Rc8 28.
Be4 Kg7 29. b4 Rc4 30. Bxd5 Bxd5 31. Be5 Qd8 32. Nd2 Rc2 33. Qd3 Ra2 34. Nf3
Qe7 35. Qe3 Bxf3 36. gxf3 Bxe5 37. Qxe5+ Qf6 38. Qxf6+ Kxf6 39. Rd3 Kf5 40. Kg2
g5 41. Kg3 h5 42. Kg2 Ra1 43. Kg3 h4+ 44. Kg2 Ke5 45. Kh2 f6 46. Kg2 f5 47. Kh2
Kf4 48. Kg2 e5 49. Rc3 Ra2 50. Kg1 e4 51. fxe4 Kxe4 52. Re3+ Kd4 53. Kg2 f4 54.
Re6 Rxa3 55. Rg6 f3+ 56. Kh2 Kc4 57. Rxg5 Rd3 58. Rg6 Kxb4 59. Rxa6 Kc5 60. Rh6
Rd4 61. Rf6 b4 62. Rxf3 Kc4 63. Rf8 b3 64. Rb8 Kc3 65. Kg2 b2 0-1

[Event "BL 1516 SV Hockenheim - SG Turm Trier"]
[Site "?"]
[Date "2016.04.24"]
[Round "15.8"]
[White "Boguslavskyy, Oleg"]
[Black "Cioara, Andrei-Nestor"]
[Result "0-1"]
[WhiteElo "2457"]
[BlackElo "2422"]
[PlyCount "118"]
[EventDate "2016.??.??"]

1. e4 e6 2. d4 d5 3. Nd2 Nf6 4. e5 Nfd7 5. Bd3 c5 6. c3 Nc6 7. Ne2 cxd4 8. cxd4
f6 9. exf6 Nxf6 10. O-O Bd6 11. Nf3 O-O 12. Bf4 Bxf4 13. Nxf4 Ne4 14. Qc1 Ng5
15. Nxg5 Qxg5 16. Ne2 Qf6 17. Qe3 e5 18. dxe5 Nxe5 19. b3 Bd7 20. Rad1 Rae8 21.
Qd4 Kh8 22. f3 a6 23. a4 b5 24. a5 b4 25. Rfe1 h6 26. f4 Nxd3 27. Qxd3 Bb5 28.
Qd2 Bxe2 29. Rxe2 Rxe2 30. Qxe2 Qc3 31. Qxa6 Qe3+ 32. Kh1 Qxb3 33. Qd3 Qa3 34.
Qxd5 b3 35. Qb7 b2 36. Rb1 Re8 37. h3 Qa1 38. Qxb2 Re1+ 39. Rxe1 Qxb2 40. Kh2
Qb4 41. Rf1 Qxa5 42. Rf3 Qe1 43. Rb3 Kh7 44. Rg3 Kg8 45. Rb3 Kf7 46. Rf3 h5 47.
Ra3 Kf6 48. Ra4 h4 49. Rc4 g6 50. Ra4 Ke6 51. Ra6+ Kf5 52. Ra4 Qg3+ 53. Kh1 Qb3
54. Rd4 Qc3 55. Ra4 Qd3 56. Kh2 g5 57. Ra5+ Kxf4 58. Ra7 Qg3+ 59. Kh1 Qe3 0-1

[Event "BL 1516 SV Griesheim - SG Solingen"]
[Site "?"]
[Date "2016.04.24"]
[Round "15.1"]
[White "Rapport, Richard"]
[Black "Tazbir, Marcin"]
[Result "1-0"]
[WhiteElo "2717"]
[BlackElo "2510"]
[PlyCount "57"]
[EventDate "2016.??.??"]

1. Nf3 d5 2. g3 Nf6 3. Bg2 c6 4. O-O Bg4 5. c4 e6 6. d3 dxc4 7. dxc4 Qxd1 8.
Rxd1 Nbd7 9. Bf4 O-O-O 10. Nbd2 h6 11. h3 Bxf3 12. Nxf3 Bc5 13. Bd2 Ne4 14. Be1
Bb6 15. b4 Bc7 16. a4 c5 17. b5 f5 18. a5 Ndf6 19. Rd3 g5 20. b6 axb6 21. axb6
Bxb6 22. Ne5 Rhe8 23. Rb3 Bc7 24. Ra8+ Bb8 25. Nc6 Rd1 26. Rxb8+ Kc7 27. R8xb7+
Kd6 28. Rd3+ Kxc6 29. Rxd1 1-0

[Event "BL 1516 SV Griesheim - SG Solingen"]
[Site "?"]
[Date "2016.04.24"]
[Round "15.2"]
[White "Krassowizkij, Jaroslaw"]
[Black "Van Kampen, Robin"]
[Result "0-1"]
[WhiteElo "2446"]
[BlackElo "2643"]
[PlyCount "98"]
[EventDate "2016.??.??"]

1. d4 Nf6 2. c4 g6 3. Nc3 Bg7 4. e4 d6 5. Nf3 O-O 6. Be2 e5 7. O-O Nc6 8. d5
Ne7 9. Ne1 Nd7 10. Be3 f5 11. f3 f4 12. Bf2 g5 13. a4 a5 14. Nd3 b6 15. b4 axb4
16. Nxb4 h5 17. Nb5 Nf6 18. Ra3 g4 19. Bh4 Qd7 20. fxg4 hxg4 21. Nc6 Ng6 22.
Bxf6 Rxf6 23. Nca7 f3 24. gxf3 g3 25. hxg3 Qh3 26. Kf2 Qh2+ 27. Ke3 Bh3 28. Re1
Bg2 29. Kd3 Bh6 30. Kc2 Rxf3 31. Rxf3 Bxf3 32. Kb3 Bxe2 33. Rxe2 Qxg3+ 34. Ka2
Nf4 35. Rc2 Nd3 36. Qb1 Qe3 37. Rc3 Qe2+ 38. Ka3 Nc5 39. Qh1 Bg7 40. Qf3 Qe1
41. Rc2 Qa1+ 42. Ra2 Qc1+ 43. Kb4 Qb1+ 44. Ka3 Nd3 45. Nc6 Qc1+ 46. Kb3 Nc5+
47. Kb4 Rxa4+ 48. Rxa4 Qb2+ 49. Qb3 Nd3# 0-1

[Event "BL 1516 SV Griesheim - SG Solingen"]
[Site "?"]
[Date "2016.04.24"]
[Round "15.3"]
[White "Smeets, Jan"]
[Black "Izsak, Gyula"]
[Result "1-0"]
[WhiteElo "2604"]
[BlackElo "2440"]
[PlyCount "83"]
[EventDate "2016.??.??"]

1. e4 c5 2. Nf3 e6 3. d4 cxd4 4. Nxd4 a6 5. Bd3 Nf6 6. O-O Qc7 7. Qe2 d6 8. c4
Nc6 9. Nxc6 Qxc6 10. f4 Be7 11. b3 O-O 12. Bb2 e5 13. Nc3 Bg4 14. Qc2 exf4 15.
Nd5 Nxd5 16. exd5 Qc5+ 17. Kh1 Bg5 18. Bxh7+ Kh8 19. Bf5 Bxf5 20. Qxf5 f6 21.
Bc1 Qd4 22. Ba3 Rad8 23. Rad1 Qb6 24. Bc1 Rfe8 25. Bxf4 Bxf4 26. Rxf4 Re5 27.
Rh4+ Kg8 28. Qh7+ Kf7 29. Rg4 Rg8 30. Qg6+ Kf8 31. Re4 Qf2 32. Rxe5 dxe5 33.
Qg4 Qc2 34. d6 Kf7 35. Qf3 e4 36. Qh5+ g6 37. Qd5+ Kg7 38. Re1 e3 39. Qxb7+ Kh6
40. Qf3 Re8 41. d7 Qd2 42. Qh3+ 1-0

[Event "BL 1516 SV Griesheim - SG Solingen"]
[Site "?"]
[Date "2016.04.24"]
[Round "15.4"]
[White "Farago, Ivan"]
[Black "Sandipan, Chanda"]
[Result "1/2-1/2"]
[WhiteElo "2389"]
[BlackElo "2585"]
[PlyCount "40"]
[EventDate "2016.??.??"]

1. d4 d5 2. c4 c6 3. Nc3 Nf6 4. e3 e6 5. Nf3 Nbd7 6. Qc2 Bd6 7. Bd3 O-O 8. O-O
dxc4 9. Bxc4 b5 10. Be2 Bb7 11. e4 e5 12. dxe5 Nxe5 13. Nd4 Neg4 14. g3 Bc5 15.
Nf5 Re8 16. a3 Bc8 17. Bf3 Ne5 18. Be2 Neg4 19. Bf3 Ne5 20. Be2 Neg4 1/2-1/2

[Event "BL 1516 SV Griesheim - SG Solingen"]
[Site "?"]
[Date "2016.04.24"]
[Round "15.5"]
[White "Nikolic, Predrag"]
[Black "Jarmula, Lukasz Andrzej"]
[Result "0-1"]
[WhiteElo "2622"]
[BlackElo "2396"]
[PlyCount "66"]
[EventDate "2016.??.??"]

1. d4 Nf6 2. Nf3 g6 3. g3 Bg7 4. Bg2 O-O 5. O-O d5 6. Nbd2 c6 7. c4 Bf5 8. b3
a5 9. Bb2 a4 10. e3 Qa5 11. Qc1 Ne4 12. Nxe4 Bxe4 13. Ne5 Bxg2 14. Kxg2 a3 15.
Bc3 Qa6 16. Rb1 b6 17. Qc2 Qb7 18. Nf3 Nd7 19. Rfc1 c5 20. Qe2 cxd4 21. exd4
Rfe8 22. Kg1 Rac8 23. Bb4 Qa6 24. Rc2 dxc4 25. bxc4 e5 26. dxe5 Nxe5 27. Nxe5
Bxe5 28. Qd3 Bb2 29. Qb3 h5 30. Re1 Rxe1+ 31. Bxe1 Rd8 32. Qf3 Qa4 33. Qe2 Re8
0-1

[Event "BL 1516 SV Griesheim - SG Solingen"]
[Site "?"]
[Date "2016.04.24"]
[Round "15.6"]
[White "Baskin, Robert"]
[Black "Jussupow, Artur"]
[Result "1/2-1/2"]
[WhiteElo "2340"]
[BlackElo "2595"]
[PlyCount "46"]
[EventDate "2016.??.??"]

1. e4 e5 2. Nf3 Nf6 3. Nc3 Bb4 4. Nxe5 O-O 5. Be2 Re8 6. Nd3 Bxc3 7. dxc3 Nxe4
8. Nf4 d6 9. O-O Nd7 10. Be3 Ndf6 11. Nd5 Bf5 12. Re1 c6 13. Nxf6+ Qxf6 14. Bd3
Bg6 15. f3 Nc5 16. Bxg6 hxg6 17. Bxc5 dxc5 18. Qd7 Red8 19. Qe7 Qxe7 20. Rxe7
Rd2 21. Rc1 b6 22. Kf1 g5 23. Re2 Rad8 1/2-1/2

[Event "BL 1516 SV Griesheim - SG Solingen"]
[Site "?"]
[Date "2016.04.24"]
[Round "15.7"]
[White "Naumann, Alexander"]
[Black "Walter, Stefan"]
[Result "1/2-1/2"]
[WhiteElo "2555"]
[BlackElo "2400"]
[PlyCount "53"]
[EventDate "2016.??.??"]

1. d4 d5 2. c4 e6 3. Nf3 Nf6 4. g3 Be7 5. Bg2 O-O 6. O-O dxc4 7. Qc2 a6 8. a4
Bd7 9. Qxc4 Bc6 10. Bf4 Bd6 11. Qc1 a5 12. Nc3 Na6 13. Rd1 Nb4 14. Bg5 h6 15.
Bh4 Bxf3 16. Bxf6 Qxf6 17. Bxf3 c6 18. Kg2 Rfd8 19. e3 Rac8 20. Qb1 Qe7 21. Qe4
g6 22. Rac1 e5 23. dxe5 Qxe5 24. Qc4 Be7 25. b3 Rxd1 26. Rxd1 Rd8 27. Rxd8+
1/2-1/2

[Event "BL 1516 SV Griesheim - SG Solingen"]
[Site "?"]
[Date "2016.04.24"]
[Round "15.8"]
[White "Koehler, Ronald"]
[Black "Handke, Florian"]
[Result "1/2-1/2"]
[WhiteElo "2275"]
[BlackElo "2517"]
[PlyCount "62"]
[EventDate "2016.??.??"]

1. d4 d5 2. c4 c6 3. Nf3 Nf6 4. Nc3 a6 5. c5 g6 6. g3 Bg7 7. Bg2 O-O 8. O-O
Nbd7 9. Qc2 Re8 10. Rd1 a5 11. Ne5 Nxe5 12. dxe5 Nd7 13. f4 Nxc5 14. Nxd5 Nd7
15. Nc3 Qb6+ 16. Kh1 Nf8 17. Rd3 Be6 18. Be3 Qa6 19. Bg1 Rad8 20. Rad1 Rxd3 21.
Rxd3 f6 22. exf6 exf6 23. e4 b5 24. Rd6 Qc8 25. a4 Bf7 26. Nd1 bxa4 27. Qxa4
Rd8 28. Rxd8 Qxd8 29. Ne3 Qb8 30. Qxa5 Qxb2 31. Qc7 Qb5 1/2-1/2

[Event "BL 1516 Schwäbisch Hall - Turm Emsdett"]
[Site "?"]
[Date "2016.04.24"]
[Round "15.1"]
[White "Swiercz, Dariusz"]
[Black "Inarkiev, Ernesto"]
[Result "1/2-1/2"]
[WhiteElo "2655"]
[BlackElo "2679"]
[PlyCount "120"]
[EventDate "2016.??.??"]

1. e4 e5 2. Nf3 Nc6 3. Bb5 a6 4. Ba4 Nf6 5. O-O Be7 6. d3 b5 7. Bb3 d6 8. a3
Be6 9. Bxe6 fxe6 10. Nc3 O-O 11. Ne2 d5 12. Ng3 dxe4 13. dxe4 Qxd1 14. Rxd1
Rad8 15. Bd2 Rd6 16. Bc3 Rfd8 17. Rxd6 cxd6 18. Ng5 h6 19. Nxe6 Rc8 20. f4 Kf7
21. f5 d5 22. exd5 Nxd5 23. Ne4 g6 24. g4 Ne3 25. N6c5 gxf5 26. gxf5 Nd4 27.
Nd3 Nexf5 28. Nxe5+ Ke6 29. Nd3 Rc4 30. Nd2 Nxc2 31. Nxc4 Nxa1 32. Nf4+ Kd7 33.
Ne5+ Kd6 34. Kf2 Nb3 35. Kf3 Nc5 36. Nf7+ Kd7 37. Ne5+ Ke8 38. b4 Na4 39. Ba1
Nb6 40. Ne6 Bf6 41. Nc7+ Ke7 42. Nxa6 Nc4 43. Nxc4 Bxa1 44. Nb6 Kd6 45. Ke4 Nd4
46. a4 bxa4 47. Nxa4 Kc6 48. N4c5 Kb5 49. h4 Nc2 50. Nc7+ Kc6 51. Nd5 Nxb4 52.
Nxb4+ Kxc5 53. Nd3+ Kd6 54. Kf5 Bd4 55. h5 Be3 56. Ne5 Bc1 57. Nf7+ Ke7 58. Kg6
Bf4 59. Nxh6 Bxh6 60. Kxh6 Kf6 1/2-1/2

[Event "BL 1516 Schwäbisch Hall - Turm Emsdett"]
[Site "?"]
[Date "2016.04.24"]
[Round "15.2"]
[White "Laznicka, Viktor"]
[Black "Mchedlishvili, Mikheil"]
[Result "1/2-1/2"]
[WhiteElo "2673"]
[BlackElo "2615"]
[PlyCount "52"]
[EventDate "2016.??.??"]

1. d4 Nf6 2. Bg5 e6 3. e4 h6 4. Bxf6 Qxf6 5. c3 d6 6. Bd3 g6 7. Ne2 Bg7 8. f4
e5 9. O-O Qe7 10. Nd2 O-O 11. Nf3 Nd7 12. Qd2 exd4 13. cxd4 c5 14. Rae1 cxd4
15. Nexd4 Nc5 16. Bc4 Kh7 17. b4 Nd7 18. Nb5 Nb6 19. Bb3 Rd8 20. Rd1 Be6 21.
Bxe6 fxe6 22. Qd3 d5 23. f5 Nc4 24. fxg6+ Kh8 25. exd5 Qxb4 26. Ng5 Qxb5
1/2-1/2

[Event "BL 1516 Schwäbisch Hall - Turm Emsdett"]
[Site "?"]
[Date "2016.04.24"]
[Round "15.3"]
[White "Pruijssers, Roeland"]
[Black "Gharamian, Tigran"]
[Result "0-1"]
[WhiteElo "2467"]
[BlackElo "2627"]
[PlyCount "106"]
[EventDate "2016.??.??"]

1. e4 c5 2. Nf3 d6 3. d4 cxd4 4. Nxd4 Nf6 5. Nc3 a6 6. Be3 e5 7. Nb3 Be6 8. Qd2
Nbd7 9. O-O-O Be7 10. f4 Ng4 11. g3 Nxe3 12. Qxe3 Rc8 13. Kb1 Qb6 14. Qf3 Nf6
15. f5 Bd7 16. Nd2 O-O 17. Nc4 Qa7 18. g4 b5 19. g5 bxc4 20. gxf6 Bxf6 21. Nd5
Bd8 22. f6 g6 23. c3 Be6 24. h4 Bxd5 25. Rxd5 h6 26. Rxd6 Rb8 27. Rh2 Rb6 28.
Rhd2 Qb8 29. Qd1 Bxf6 30. Bxc4 Kg7 31. h5 Bg5 32. Rxb6 Qxb6 33. Rd7 gxh5 34.
Qxh5 Qf2 35. a3 a5 36. Ka2 Qf6 37. Ra7 Qg6 38. Qf3 Bf4 39. Rxa5 h5 40. Rd5 h4
41. Bf1 Rh8 42. a4 Rh5 43. Bc4 h3 44. Rd7 Rh6 45. Rd1 h2 46. Rh1 Qc6 47. b3 Rg6
48. Bxf7 Rg3 49. Qe2 Kxf7 50. Rxh2 Qxc3 51. Qb5 Rd3 52. Qb7+ Ke6 53. Rb2 Bc1
0-1

[Event "BL 1516 Schwäbisch Hall - Turm Emsdett"]
[Site "?"]
[Date "2016.04.24"]
[Round "15.4"]
[White "Cornette, Matthieu"]
[Black "Burg, Twan"]
[Result "1-0"]
[WhiteElo "2581"]
[BlackElo "2494"]
[PlyCount "81"]
[EventDate "2016.??.??"]

1. c4 e5 2. g3 Nf6 3. Bg2 Nc6 4. Nc3 Bc5 5. Nf3 d6 6. O-O O-O 7. e3 a6 8. b3
Ba7 9. Qc2 Bd7 10. Bb2 Qc8 11. d4 exd4 12. Nd5 Nxd5 13. cxd5 Nb4 14. Qc4 c5 15.
dxc6 Nxc6 16. exd4 Bh3 17. Rfe1 Bxg2 18. Kxg2 Qd7 19. d5 Ne7 20. Re2 Rfe8 21.
Rae1 Ng6 22. Ng5 Rxe2 23. Rxe2 Rc8 24. Qe4 Nf8 25. Nf3 Ng6 26. h4 f5 27. Qd3 h6
28. h5 Ne7 29. Nh4 Rf8 30. Re6 Bb6 31. f4 Rf7 32. Ng6 Bd8 33. Ba3 Nc8 34. Qe2
Be7 35. Kf3 Qb5 36. Qxb5 axb5 37. Ke3 Nb6 38. Kd4 Bf6+ 39. Kd3 Rc7 40. Re8+ Kf7
41. Rf8# 1-0

[Event "BL 1516 Schwäbisch Hall - Turm Emsdett"]
[Site "?"]
[Date "2016.04.24"]
[Round "15.5"]
[White "Janssen, Ruud"]
[Black "Wirig, Anthony"]
[Result "1-0"]
[WhiteElo "2493"]
[BlackElo "2502"]
[PlyCount "77"]
[EventDate "2016.??.??"]

1. c4 e5 2. g3 Nf6 3. Bg2 h6 4. d3 Bc5 5. Nf3 d6 6. O-O Bb6 7. Nc3 c6 8. b4 O-O
9. a4 a5 10. b5 Bg4 11. Ba3 Re8 12. h3 Bxf3 13. Bxf3 Bd4 14. Rc1 Qc8 15. bxc6
bxc6 16. Bg2 Bc5 17. Bxc5 dxc5 18. f4 Nbd7 19. g4 exf4 20. Rxf4 Rb8 21. Qd2 Re6
22. Rcf1 Qd8 23. h4 Ne5 24. g5 Nh5 25. Ne4 Nxf4 26. Qxf4 hxg5 27. hxg5 Re7 28.
Qg3 Ng6 29. Kh1 Re5 30. Bf3 Qd4 31. Bh5 Rbe8 32. Qf3 R5e7 33. Qf5 Ne5 34. Rg1
g6 35. Nf6+ Kf8 36. Qh3 Re6 37. Bg4 Nxg4 38. Qh8+ Ke7 39. Qxe8+ 1-0

[Event "BL 1516 Schwäbisch Hall - Turm Emsdett"]
[Site "?"]
[Date "2016.04.24"]
[Round "15.6"]
[White "Womacka, Mathias"]
[Black "Fiebig, Thomas"]
[Result "1/2-1/2"]
[WhiteElo "2429"]
[BlackElo "2429"]
[PlyCount "55"]
[EventDate "2016.??.??"]

1. e4 e6 2. d4 d5 3. Nd2 a6 4. Ngf3 c5 5. exd5 exd5 6. Be2 Nf6 7. O-O Be7 8. c4
O-O 9. cxd5 Qxd5 10. Nc4 Nbd7 11. Ne3 Qc6 12. Nf5 Bd8 13. dxc5 Qxc5 14. Nd6 Be7
15. Bf4 Qb4 16. Qd4 Qxd4 17. Nxd4 Bxd6 18. Bxd6 Re8 19. Rfe1 Nb6 20. Bf3 Rd8
21. Bc7 Rxd4 22. Bxb6 Rb4 23. Bc5 Rxb2 24. Bd4 Rc2 25. Rac1 Rxc1 26. Rxc1 Be6
27. Bxb7 Rb8 28. Bxa6 1/2-1/2

[Event "BL 1516 Schwäbisch Hall - Turm Emsdett"]
[Site "?"]
[Date "2016.04.24"]
[Round "15.7"]
[White "Zumsande, Martin"]
[Black "Zeller, Frank"]
[Result "1-0"]
[WhiteElo "2483"]
[BlackElo "2398"]
[PlyCount "79"]
[EventDate "2016.??.??"]

1. e4 e5 2. Nf3 Nc6 3. d4 exd4 4. Nxd4 Bb4+ 5. c3 Bc5 6. Be3 Bb6 7. Qg4 Qf6 8.
Qg3 Qg6 9. Nd2 Nf6 10. Be2 O-O 11. O-O-O d6 12. f4 Re8 13. Bf3 Qxg3 14. hxg3 h5
15. Rhe1 Bd7 16. Bg1 Re7 17. Nc4 Rae8 18. e5 Ng4 19. Nxb6 axb6 20. Nb5 Ncxe5
21. Rxe5 dxe5 22. Nxc7 Ba4 23. Nxe8 Bxd1 24. Kxd1 Rxe8 25. Bxb7 h4 26. Bf3 f5
27. gxh4 exf4 28. Bd4 Ne3+ 29. Kd2 b5 30. b3 Nf1+ 31. Kd3 Re1 32. Bc6 Ra1 33.
b4 Kh7 34. Bxb5 Rxa2 35. Bc6 Rd2+ 36. Kc4 Ne3+ 37. Kc5 Nxg2 38. b5 Nxh4 39. b6
f3 40. b7 1-0

[Event "BL 1516 Schwäbisch Hall - Turm Emsdett"]
[Site "?"]
[Date "2016.04.24"]
[Round "15.8"]
[White "Raykhman, Alexander"]
[Black "Richter, Christian"]
[Result "1/2-1/2"]
[WhiteElo "2418"]
[BlackElo "2356"]
[PlyCount "47"]
[EventDate "2016.??.??"]

1. d4 Nf6 2. Nf3 g6 3. c4 Bg7 4. Nc3 O-O 5. Bg5 c6 6. e3 d6 7. Be2 Nbd7 8. Qc2
e5 9. O-O Qe7 10. Rfd1 h6 11. Bh4 g5 12. Bg3 Nh5 13. Bd3 Nxg3 14. hxg3 Nb6 15.
a4 a5 16. Qb3 Nd7 17. Bf5 exd4 18. exd4 Nf6 19. Re1 Qc7 20. Bxc8 Rfxc8 21. Ne4
Re8 22. Nxf6+ Bxf6 23. g4 Kg7 24. Re3 1/2-1/2

[Event "BL 1516 Erfurter SK - Werder Bremen"]
[Site "?"]
[Date "2016.04.24"]
[Round "15.1"]
[White "Areshchenko, Alexander"]
[Black "Votava, Jan"]
[Result "1-0"]
[WhiteElo "2674"]
[BlackElo "2522"]
[PlyCount "77"]
[EventDate "2016.??.??"]

1. e4 e5 2. Nf3 Nc6 3. Bc4 Nf6 4. d3 Be7 5. O-O O-O 6. c3 d6 7. a4 Be6 8. Nbd2
Qd7 9. a5 Bxc4 10. Nxc4 b5 11. Ne3 a6 12. Nf5 Bd8 13. Bg5 g6 14. Ng3 Re8 15.
Re1 h5 16. d4 Nh7 17. Bxd8 Raxd8 18. Qd3 Qe7 19. d5 Nb8 20. Nf1 c5 21. dxc6
Nxc6 22. Ne3 Qb7 23. Nd5 Ne7 24. Nb4 Nf6 25. Qe3 Nc6 26. Qb6 Qxb6 27. axb6 Nxb4
28. cxb4 d5 29. Rxa6 dxe4 30. Ng5 Rd6 31. Ra7 Rxb6 32. Rxf7 Rd8 33. h3 Rbd6 34.
Rb7 Rd1 35. Kf1 e3 36. fxe3 Nd5 37. Rxd1 Nxe3+ 38. Ke2 Nxd1 39. Rxb5 1-0

[Event "BL 1516 Erfurter SK - Werder Bremen"]
[Site "?"]
[Date "2016.04.24"]
[Round "15.2"]
[White "Machelett, Heiko"]
[Black "McShane, Luke J"]
[Result "0-1"]
[WhiteElo "2406"]
[BlackElo "2669"]
[PlyCount "68"]
[EventDate "2016.??.??"]

1. Nf3 g6 2. d4 Nf6 3. Bg5 Bg7 4. Nbd2 O-O 5. e4 d6 6. c3 Nc6 7. Bc4 h6 8. Bxf6
Bxf6 9. O-O Bg7 10. Re1 e5 11. dxe5 dxe5 12. Qc2 Qe7 13. b4 Nd8 14. Bf1 b6 15.
Nc4 Nb7 16. Rad1 c6 17. h3 Qc7 18. Ne3 Bd7 19. Rd2 Rad8 20. Red1 Bc8 21. Ba6
Rxd2 22. Rxd2 Be6 23. Bc4 Bc8 24. Ba6 Be6 25. Bc4 Bd7 26. Qd1 Bc8 27. Ba6 b5
28. a4 Qb6 29. axb5 cxb5 30. Qa1 Be6 31. c4 bxc4 32. Bxc4 Bxc4 33. Nxc4 Qxb4
34. Ne3 a5 0-1